| 000 | 00410nam a2200181Ia 4500 | ||
|---|---|---|---|
| 001 | 11616 | ||
| 005 | 20260306162841.0 | ||
| 008 | 260306t2008||||xx |||||||||||||| ||spa|| | ||
| 041 | _aESP | ||
| 082 |
_a985.401 _bC28 |
||
| 100 |
_aCardona, Augusto _eAUT |
||
| 245 | 0 | _aCaminos prehispánicos de Arequipa | |
| 260 | _c2008 | ||
| 300 |
_a _c |
||
| 650 | _aGEN | ||
| 654 | _aCHU | ||
| 942 |
_cLIB _dJUS _fJUS _2ddc _n |
||
| 999 |
_c11616 _d11616 |
||